00365nam a2200133Ia 45000010005000000080041000050820022000461000024000682450064000922600026001565900007001829010027001899990015002164445241024s9999 xx 000 0 und d aRD/327.7291/N716b aRafael Nino Féliz 0aEl Bloqueo contra Cuba: ahora la gran guerra por otra vía bEditorial Gentec2016 asi a28/9/2016 2:28:17 p.m. c9765d9765